[Event "Carballo Concello 4th"]
[Site "Carballo"]
[Date "2021.09.01"]
[Round "1"]
[White "Villodas Vazquez, Alejandro"]
[Black "Del Prado Rodriguez, Xulio"]
[Result "0-1"]
[WhiteElo "1598"]
[BlackElo "2279"]
[PlyCount "54"]
[EventDate "2021.09.01"]
[EventType "swiss"]
[EventRounds "9"]
[EventCountry "ESP"]
[SourceTitle "EXT 2022"]
[Source "ChessBase"]
[SourceDate "2021.10.06"]
[SourceVersion "1"]
[SourceVersionDate "2021.10.06"]
[SourceQuality "1"]

1. e4 c5 2. Nf3 d6 3. d4 cxd4 4. Nxd4 Nf6 5. Nc3 Nc6 6. Nb3 e5 7. f3 Be7 8. Be3 0-0 9. Qd2 a5 10. Bb5 Be6 11. 0-0-0 Na7 12. Ba4 b5 13. Bxb5 Nxb5 14. Nxb5 a4 15. Na1 d5 16. Kb1 d4 17. Nxd4 exd4 18. Bxd4 Qc7 19. Qe2 Rfd8 20. c3 Rab8 21. Rd2 Bc4 22. Qe3 Qb7 23. Be5 Rd6 24. Rd3 Rxd3 25. Qd2 Nxe4 26. fxe4 Qxe4 27. Kc1 Qxe5 0-1

[Event "Arteixo Concello U2200 op 15th"]
[Site "Arteixo"]
[Date "2014.07.26"]
[Round "3.9"]
[White "Sanchez Ferreira, Emilio Jose"]
[Black "Villodas Vazquez, Alejandro"]
[Result "1-0"]
[WhiteElo "1871"]
[BlackElo "1617"]
[PlyCount "67"]
[EventDate "2014.07.25"]
[EventType "swiss"]
[EventRounds "6"]
[EventCountry "ESP"]
[SourceTitle "EXT 2024"]
[Source "ChessBase"]
[SourceDate "2023.10.10"]
[SourceVersion "1"]
[SourceVersionDate "2023.10.10"]
[SourceQuality "1"]

1. Nf3 d5 2. g3 Nf6 3. Bg2 c6 4. 0-0 e6 5. d4 Nbd7 6. c4 Be7 7. Nbd2 a5 8. Qc2 0-0 9. e4 dxe4 10. Nxe4 Nxe4 11. Qxe4 Nf6 12. Qe2 a4 13. Rd1 Re8 14. c5 Nd5 15. Qc2 Bf6 16. Re1 b5 17. Ne5 Qc7 18. a3 Bb7 19. Bd2 Red8 20. h4 Ne7 21. Bc3 g6 22. Rad1 Nd5 23. h5 g5 24. h6 Qe7 25. Be4 Kf8 26. Bxh7 Bxe5 27. dxe5 Qxc5 28. Qc1 Qe7 29. Be4 Kg8 30. h7+ Kh8 31. Bd2 g4 32. Bg5 Qc7 33. Bxd5 Rxd5 34. Bf6+ 1-0

[Event "Arteixo Concello U2200 op 15th"]
[Site "Arteixo"]
[Date "2014.07.25"]
[Round "1.3"]
[White "Ferreiro Pailos, Alejandro"]
[Black "Villodas Vazquez, Alejandro"]
[Result "1-0"]
[WhiteElo "2107"]
[BlackElo "1617"]
[PlyCount "67"]
[EventDate "2014.07.25"]
[EventType "swiss"]
[EventRounds "6"]
[EventCountry "ESP"]
[SourceTitle "EXT 2024"]
[Source "ChessBase"]
[SourceDate "2023.10.10"]
[SourceVersion "1"]
[SourceVersionDate "2023.10.10"]
[SourceQuality "1"]

1. c4 c5 2. Nc3 Nc6 3. g3 g6 4. Bg2 Bg7 5. e3 d6 6. Nge2 Nf6 7. d4 cxd4 8. exd4 0-0 9. 0-0 a6 10. h3 Rb8 11. Be3 Bd7 12. Rc1 Qc8 13. Kh2 Na5 14. b3 Nc6 15. Nd5 Qd8 16. Qd2 Re8 17. Nxf6+ exf6 18. d5 Ne7 19. Qb4 Nf5 20. Bb6 Qe7 21. Nc3 Bh6 22. Rce1 Qxe1 23. Rxe1 Rxe1 24. Ne4 Rc1 25. Nxf6+ Kg7 26. Nxd7 Re8 27. c5 Ree1 28. c6 bxc6 29. dxc6 Re2 30. Bd4+ Nxd4 31. Qxd4+ Kg8 32. Qxd6 Rxf2 33. Qb8+ Kg7 34. Qf8# 1-0